000 00325nam a22001337a 4500
008 250319b |||||||| |||| 00| 0 eng d
020 _a9789352691777
050 _aJZ5538
_b.S56
100 _aSINGH, Arimardan
245 _aInternational Relations
260 _aIndia
_bRandom Publication
300 _avi, 316p.
942 _cBK
999 _c2450
_d2450